| 000 | 00525nam a2200193Ia 4500 | ||
|---|---|---|---|
| 003 | GCL | ||
| 008 | 140319s9999 xx 000 0 ara d | ||
| 040 |
_aGCL / _cGCL |
||
| 082 | 0 | 4 |
_a415.1 _bع م |
| 100 | 1 | _aعلى رضا | |
| 245 | 1 | 0 |
_aالمختار فى القواعد والاعراب / _cعلى رضا |
| 260 |
_a[S.N] : _bمكتبة دار الشرق |
||
| 300 | _a364 ص | ||
| 490 | _a | ||
| 650 | 0 | 4 | _aالشعر العربى |
| 650 | 0 | 4 | _aالنحو |
| 650 | 0 | 4 | _aاللغة العربية |
| 942 |
_2ddc _cBK |
||
| 999 |
_c28560 _d28560 |
||